000
00274nam a2200121Ia 4500
008
190216s9999||||xx |||||||||||||| ||und||
100
_a
Agrawal A N
245
0
_a
Indian Economy
260
_b
Wiley Eastern Ltd
_c
1975
300
_a
653 pag
650
_a
Economics
942
_c
BK
999
_c
9872
_d
9872